00541nam a22001697a 450000500170000001000150001702000260003203500140005803700130007208200130008510000180009824501000011626000440021627000690026030000230032950000190035220171128123924.0 aENG-121406 a9789380336510c700.00 aEN-104938 bDBAD/PUB a294.3824 aThera, Narada aA manual of abidhamma being Abhidhammattha Sangaha of Bhadanta Anurddhacariya/cby Narada Thera aKolkata bMaha Bodhi Book Agency c2014 a 4A, Bankim Chatterjee treet , College Square bKolkata e700009 axi,361p.c23cm(Hb) aIncludes index